000 00385 a2200169 4500
001 18222
020 _a9788537306369
040 _cAnchieta - Bela Vista
100 _aMelo, Bartolomeu Correia de
240 1 0 _aA roupa da carimbamba
_lpor
245 1 0 _aA roupa da carimbamba
300 _a28
362 0 _a2009
440 1 _aBagaço
650 4 _aLiteratura infantil
942 _cBK
999 _c18222
_d18222